000 00480nam a2200169Ia 4500
003 GCL
008 140319s9999 xx 000 0 eng d
040 _aGCL /
_cGCL
082 0 4 _a398.2
_bM G
100 1 _aMARKALE, JEAN
245 1 0 _aLA GRANDE DEESSE MYTHES ET SANCTUARIES DE LA VEINUADE LES PUGE A NOTRE - DAME DE LOURDES /
_cMARKALE, JEAN
260 _a[S.N] :
_bALBIN MICHEL, S.A ،
_c1997
300 _a299 P
650 0 4 _aMYTHS
650 0 4 _aMYTHOLOGY
942 _2ddc
_cBK
999 _c16339
_d16339